| 000 | 01086nam0a22002531 4500 | ||
|---|---|---|---|
| 001 | rc\419209 | ||
| 005 | 20030616170334.1 | ||
| 035 | _a(NLR Aleph) 005666783 | ||
| 090 |
_a6931220 _c6931220 |
||
| 100 | _a20030616d1987 u |0rusy50 ca | ||
| 101 | 0 | _arus | |
| 102 | _aRU | ||
| 105 | _ay ||||||||| | ||
| 200 | 1 |
_aПроизводительность труда: факторы и резервы роста _eУчеб. пособие _fИ.Е. Губа, Л.И. Жуков, Л.П. Гордеева _gМ-во высш. и сред. спец. образования СССР, Днепропетр. гос. ун-т им. 300-летия воссоединения Украины с Россией |
|
| 210 |
_aДнепропетровск _cДГУ _d1987 |
||
| 215 |
_a51 с. _d20 |
||
| 700 | 1 |
_aГуба _bИ. Е. _gИван Ефимович |
|
| 701 | 1 |
_aЖуков _bЛ. И. _gЛеонид Иванович |
|
| 701 | 1 |
_aГордеева _bЛ. П. _gЛариса Павловна |
|
| 801 | 0 |
_aRU _bNLR _gpsbo |
|
| 801 | 1 |
_aRU _bELAR _2rusmarc |
|
| 852 |
_aNLR _j89-4/13429 |
||
| 942 | _cBOOK | ||
| 980 | _aNB | ||